Gait Assit:A Wearable Assistant for Parkinson’s Disease Patients (Record no. 13639)
[ view plain ]
| 000 -LEADER | |
|---|---|
| fixed length control field | 00529nam a22001577a 4500 |
| 082 ## - DEWEY DECIMAL CLASSIFICATION NUMBER | |
| Classification number | BEE-4 ILT |
| 100 ## - MAIN ENTRY--PERSONAL NAME | |
| Personal name | Tahir Iltaf |
| 9 (RLIN) | 93533 |
| 245 ## - TITLE STATEMENT | |
| Title | Gait Assit:A Wearable Assistant for Parkinson’s Disease Patients |
| 260 ## - PUBLICATION, DISTRIBUTION, ETC. | |
| Place of publication, distribution, etc. | Islamabad |
| Name of publisher, distributor, etc. | NUST-SEECS |
| Date of publication, distribution, etc. | 2016 |
| 300 ## - PHYSICAL DESCRIPTION | |
| Extent | 56p. |
| Other physical details | 27cm. |
| Accompanying material | CD Includes |
| 500 ## - GENERAL NOTE | |
| General note | Supervisors: Dr. Awais Kamboh, Dr. Anis ur Rehman |
| 700 ## - ADDED ENTRY--PERSONAL NAME | |
| Personal name | AIP Arslan Nadeem |
| 9 (RLIN) | 93534 |
| 700 ## - ADDED ENTRY--PERSONAL NAME | |
| Personal name | Sohaib Muhammad Usmani |
| 9 (RLIN) | 93535 |
| 856 ## - ELECTRONIC LOCATION AND ACCESS | |
| Uniform Resource Identifier | <a href="http://10.250.8.41:8080/xmlui/handle/123456789/9248">http://10.250.8.41:8080/xmlui/handle/123456789/9248</a> |
| 942 ## - ADDED ENTRY ELEMENTS (KOHA) | |
| Koha item type | Project Report |
| Source of classification or shelving scheme | |
| Withdrawn status | Lost status | Source of classification or shelving scheme | Damaged status | Not for loan | Permanent Location | Current Location | Shelving location | Date acquired | Source of acquisition | Total Checkouts | Full call number | Barcode | Date last seen | Date last checked out | Price effective from | Koha item type |
|---|---|---|---|---|---|---|---|---|---|---|---|---|---|---|---|---|
| WITHDRAWN | Central Library (CL) | Central Library (CL) | General Stacks | 07/25/2016 | NUST-SEECS | 1 | BEE-4 ILT | SEECSP01894 | 09/01/2016 | 09/01/2016 | 07/25/2016 | Project Report | ||||
| Central Library (CL) | Central Library (CL) | Thesis | 09/18/2019 | 621.3 | CL-T-3511 | 09/18/2019 | 09/18/2019 | Project Report |
